000
00329nam a2200145Ia 4500
100
_a
Bell / david A
250
_a
4
942
_c
BK
654
_a
manual
245
_a
Laboratory Manual for Electronic Devices and circuits
260
_b
Prentice Hall
_c
2001
082
_a
621.3815
_b
BEL
300
_a
246
546
_a
ENGLISH
999
_c
22544
_d
22544